<?xml version="1.0" encoding="UTF-8"?>
<collection xmlns="http://www.loc.gov/MARC21/slim">
 <record>
  <leader>01887nam a2200301 a 4500</leader>
  <controlfield tag="001">1/51834</controlfield>
  <controlfield tag="008">210323s2020####gr       b    001 | gre d</controlfield>
  <datafield tag="020" ind1=" " ind2=" ">
   <subfield code="a">9786188328051</subfield>
  </datafield>
  <datafield tag="040" ind1=" " ind2=" ">
   <subfield code="a">GR-PeUP</subfield>
  </datafield>
  <datafield tag="082" ind1="0" ind2="0">
   <subfield code="a">620.1123076 ΒΟΥ</subfield>
  </datafield>
  <datafield tag="100" ind1="1" ind2=" ">
   <subfield code="a">Βουθούνης, Παναγιώτης Α.</subfield>
  </datafield>
  <datafield tag="245" ind1="0" ind2="0">
   <subfield code="a">Μηχανική απαραμόρφωτου στερεού : </subfield>
   <subfield code="b">στατική -ισοστατικοί φορείς- / </subfield>
   <subfield code="c">Παναγιώτης Α. Βουθούνης, Αικατερίνη Ε. Σταματίου, Παναγιώτα Π. Βουθούνη.</subfield>
  </datafield>
  <datafield tag="250" ind1=" " ind2=" ">
   <subfield code="a">7η βελτιωμένη έκδοση.</subfield>
  </datafield>
  <datafield tag="260" ind1=" " ind2=" ">
   <subfield code="a">Αθήνα : </subfield>
   <subfield code="b">Ανδρομάχη Βουθούνη,</subfield>
   <subfield code="c">2020.</subfield>
  </datafield>
  <datafield tag="300" ind1=" " ind2=" ">
   <subfield code="a">904 σ. :</subfield>
   <subfield code="b">έγχρ. εικ., φωτ. ;</subfield>
   <subfield code="c">29 εκ.</subfield>
  </datafield>
  <datafield tag="500" ind1=" " ind2=" ">
   <subfield code="a">&quot;Θεωρία - περίληψη - μεθοδολογία - 2000 έγχρωμα σχήματα - 460 έγχρωμες φωτογραφίες - 394 παραδείγματα &amp; λυμένες ασκήσεις - άλυτες ασκήσεις με απαντήσεις.&quot;</subfield>
  </datafield>
  <datafield tag="504" ind1=" " ind2=" ">
   <subfield code="a">Περιλαμβάνει βιβλιογραφίες, παράρτημα και ευρετήριο.</subfield>
  </datafield>
  <datafield tag="650" ind1=" " ind2="0">
   <subfield code="a">Mechanics, Applied.</subfield>
  </datafield>
  <datafield tag="650" ind1=" " ind2="0">
   <subfield code="a">Statics.</subfield>
  </datafield>
  <datafield tag="650" ind1=" " ind2="4">
   <subfield code="a">Μηχανική, Εφαρμοσμένη.</subfield>
  </datafield>
  <datafield tag="650" ind1=" " ind2="4">
   <subfield code="a">Στατική.</subfield>
  </datafield>
  <datafield tag="700" ind1="1" ind2=" ">
   <subfield code="a">Σταματίου, Αικατερίνη Ε.</subfield>
  </datafield>
  <datafield tag="700" ind1="1" ind2=" ">
   <subfield code="a">Βουθούνη, Παναγιώτα Π.</subfield>
  </datafield>
  <datafield tag="852" ind1=" " ind2=" ">
   <subfield code="a">INST</subfield>
   <subfield code="b">UNIPILB</subfield>
   <subfield code="c">MAIN</subfield>
   <subfield code="e">20210323</subfield>
   <subfield code="h">620.1123076 ΒΟΥ</subfield>
   <subfield code="p">00185098</subfield>
   <subfield code="q">00185098</subfield>
   <subfield code="t">LOAN</subfield>
   <subfield code="y">0</subfield>
   <subfield code="4">1</subfield>
  </datafield>
  <datafield tag="852" ind1=" " ind2=" ">
   <subfield code="a">INST</subfield>
   <subfield code="b">UNIPILB</subfield>
   <subfield code="c">MAIN</subfield>
   <subfield code="e">20210323</subfield>
   <subfield code="h">620.1123076 ΒΟΥ</subfield>
   <subfield code="p">00185099</subfield>
   <subfield code="q">00185099</subfield>
   <subfield code="t">LOAN</subfield>
   <subfield code="y">0</subfield>
   <subfield code="4">2</subfield>
  </datafield>
  <datafield tag="852" ind1=" " ind2=" ">
   <subfield code="a">INST</subfield>
   <subfield code="b">UNIPILB</subfield>
   <subfield code="c">MAIN</subfield>
   <subfield code="e">20210323</subfield>
   <subfield code="h">620.1123076 ΒΟΥ</subfield>
   <subfield code="p">00185100</subfield>
   <subfield code="q">00185100</subfield>
   <subfield code="t">LOAN</subfield>
   <subfield code="y">0</subfield>
   <subfield code="4">3</subfield>
  </datafield>
  <datafield tag="852" ind1=" " ind2=" ">
   <subfield code="a">INST</subfield>
   <subfield code="b">UNIPILB</subfield>
   <subfield code="c">MAIN</subfield>
   <subfield code="e">20210323</subfield>
   <subfield code="h">620.1123076 ΒΟΥ</subfield>
   <subfield code="p">00185101</subfield>
   <subfield code="q">00185101</subfield>
   <subfield code="t">LOAN</subfield>
   <subfield code="y">0</subfield>
   <subfield code="4">4</subfield>
  </datafield>
  <datafield tag="852" ind1=" " ind2=" ">
   <subfield code="a">INST</subfield>
   <subfield code="b">UNIPILB</subfield>
   <subfield code="c">MAIN</subfield>
   <subfield code="e">20210323</subfield>
   <subfield code="h">620.1123076 ΒΟΥ</subfield>
   <subfield code="p">00185102</subfield>
   <subfield code="q">00185102</subfield>
   <subfield code="t">LOAN</subfield>
   <subfield code="y">0</subfield>
   <subfield code="4">5</subfield>
  </datafield>
 </record>
</collection>
